| 000 | 005490000a22002170004500 | ||
|---|---|---|---|
| 003 | LK-CoMWRAF | ||
| 005 | 20230828234343.0 | ||
| 008 | 230817t1984 ||||| |||| 00| 0 eng d | ||
| 020 | _a0860371379 | ||
| 040 |
_aLK-CoMWRAF _dLK-CoMWRAF _eLK-CoMWRAF |
||
| 041 | _aeng | ||
| 082 |
_a297.63 _bMUR |
||
| 100 | _aMurad, Khurram | ||
| 110 | _aHassan, Hanife | ||
| 245 | _aThe Long Search | ||
| 260 |
_aU.K. _bThe Islamic Foundation _c1984 |
||
| 300 | _a43p | ||
| 650 | _aStories - Prophet Muhamed | ||
| 700 | _aTarantino, Mardijah A. | ||
| 942 | _cBK | ||
| 999 |
_c1918 _d1918 |
||